00583nam a22001697a 450000500170000001000130001702000250003003500130005503700240006808200060009210000250009824500850012326000300020827001150023830000240035349000360037720120103122753.0 aB-444639 a9788179639757c55.00 aB-444639 bBlue Berry/VenaDPL aS aDoyle, Arthur Conan  aThe case book of sherlock holmes :cby Arthur Conan Doyle bthe three gables / aMumbaibShree Book Centre a8 Kakod Industrial Estate-5. Keer Road(Off.L.J.Road) Matunga WestbMumbaie400016msales @shreebookcentre.com aunpaged.c27cm(pbk) aThe illustrated sherlock holmes